Statistics for Largest Cities by Country

Click here to take the quiz!

General Stats

  • This quiz has been taken 5,216 times
    (4,128 since last reset)
  • The average score is 122 of 196

Answer Stats

CountryLargest City% Correct
ArgentinaBuenos Aires
96%
BrazilSão Paulo
94%
PeruLima
93%
ColombiaBogotá
92%
ChileSantiago
92%
United StatesNew York City
91%
FranceParis
91%
GermanyBerlin
90%
ItalyRome
90%
AustraliaSydney
90%
GreeceAthens
89%
IrelandDublin
89%
United KingdomLondon
89%
MexicoMexico City
89%
RussiaMoscow
89%
BelgiumBrussels
88%
HungaryBudapest
88%
DenmarkCopenhagen
88%
FinlandHelsinki
88%
NorwayOslo
88%
Czech RepublicPrague
88%
CanadaToronto
88%
AustriaVienna
88%
NetherlandsAmsterdam
87%
VenezuelaCaracas
87%
CubaHavana
87%
PortugalLisbon
87%
SpainMadrid
87%
UkraineKiev
86%
UruguayMontevideo
86%
SwedenStockholm
86%
PolandWarsaw
86%
EgyptCairo
85%
MonacoMonaco
85%
IcelandReykjavík
85%
BulgariaSofia
85%
Vatican CityVatican City
85%
BelarusMinsk
84%
PanamaPanama City
84%
RomaniaBucharest
83%
JapanTokyo
83%
CroatiaZagreb
83%
LuxembourgLuxembourg City
82%
IndiaDelhi
81%
JamaicaKingston
81%
St. Vincent & the GrenadinesKingstown
81%
LatviaRiga
81%
Bosnia & HerzegovinaSarajevo
81%
AlgeriaAlgiers
80%
New ZealandAuckland
80%
EstoniaTallinn
80%
IndonesiaJakarta
79%
IranTehran
79%
SwitzerlandZurich
79%
IraqBaghdad
78%
SerbiaBelgrade
78%
GuatemalaGuatemala City
78%
HaitiPort-au-Prince
78%
South KoreaSeoul
78%
ChinaShanghai
78%
IsraelJerusalem
77%
AfghanistanKabul
77%
El SalvadorSan Salvador
77%
AlbaniaTirana
77%
AndorraAndorra la Vella
76%
ParaguayAsunción
76%
TurkeyIstanbul
75%
KenyaNairobi
75%
SingaporeSingapore
75%
LithuaniaVilnius
75%
ThailandBangkok
74%
BangladeshDhaka
74%
GuyanaGeorgetown
74%
PhilippinesManila
74%
SlovakiaBratislava
73%
United Arab EmiratesDubai
73%
KuwaitKuwait City
73%
BahamasNassau
73%
South AfricaJohannesburg
72%
Congo (Dem. Rep.)Kinshasa
72%
NigeriaLagos
72%
North KoreaPyongyang
72%
Dominican RepublicSanto Domingo
72%
EthiopiaAddis Ababa
71%
MoroccoCasablanca
71%
MalaysiaKuala Lumpur
71%
AzerbaijanBaku
70%
DjiboutiDjibouti
70%
Saudi ArabiaRiyadh
70%
Costa RicaSan José
70%
MacedoniaSkopje
70%
TaiwanTaipei
70%
LebanonBeirut
69%
SyriaDamascus
69%
VietnamHo Chi Minh City
69%
SloveniaLjubljana
69%
QatarDoha
68%
KosovoPristina
68%
LibyaTripoli
68%
JordanAmman
67%
NepalKathmandu
67%
MongoliaUlan Bator
67%
AngolaLuanda
66%
CyprusNicosia
66%
MoldovaChişinău
65%
PakistanKarachi
65%
GeorgiaTbilisi
65%
TunisiaTunis
65%
GhanaAccra
64%
NicaraguaManagua
63%
SurinameParamaribo
63%
ArmeniaYerevan
63%
MontenegroPodgorica
62%
Congo (Rep.)Brazzaville
61%
Sri LankaColombo
60%
SenegalDakar
60%
CambodiaPhnom Penh
60%
OmanMuscat
59%
Papua New GuineaPort Moresby
59%
YemenSana'a
59%
HondurasTegucigalpa
58%
East TimorDili
57%
SudanKhartoum
57%
Guinea-BissauBissau
56%
MaldivesMalé
56%
MadagascarAntananarivo
55%
Sierra LeoneFreetown
55%
BahrainManama
55%
Solomon Islands | SomaliaMogadishu
55%
TanzaniaDar es Salaam
54%
LiberiaMonrovia
54%
UzbekistanTashkent
54%
LaosVientiane
54%
BarbadosBridgetown
52%
Antigua & BarbudaSt. John's
52%
BhutanThimphu
52%
KyrgyzstanBishkek
51%
São Tomé & PrincipeSão Tomé
51%
NamibiaWindhoek
51%
ZimbabweHarare
50%
ChadN'Djamena
50%
BurmaYangon
50%
MozambiqueMaputo
49%
Burkina FasoOuagadougou
49%
MaliBamako
48%
BelizeBelize City
48%
BotswanaGaborone
48%
UgandaKampala
48%
GabonLibreville
48%
EritreaAsmara
47%
GuineaConakry
47%
EcuadorGuayaquil
47%
RwandaKigali
47%
Cote d'IvoireAbidjan
46%
TurkmenistanAshgabat
46%
Central African Rep.Bangui
46%
KazakhstanAlmaty
45%
SamoaApia
45%
TajikistanDushanbe
45%
South SudanJuba
45%
DominicaRoseau
45%
SeychellesVictoria
45%
St. LuciaCastries
44%
ZambiaLusaka
44%
NigerNiamey
44%
Cape VerdePraia
44%
MalawiLilongwe
42%
GrenadaSt. George's
42%
St. Kitts & NevisBasseterre
41%
TogoLomé
41%
MauritaniaNouakchott
41%
MauritiusPort Louis
41%
LesothoMaseru
38%
ComorosMoroni
38%
VanuatuPort Vila
36%
NauruYaren
35%
TongaNuku'alofa
34%
BoliviaSanta Cruz de la Sierra
32%
BurundiBujumbura
31%
BeninCotonou
30%
CameroonDouala
27%
LiechtensteinSchaan
15%
PalauKoror
9%
Equatorial GuineaBata
8%
MaltaBirkirkara
8%
San MarinoSerravalle
8%
Trinidad & TobagoChaguanas
5%
GambiaSerekunda
4%
Fed. States of MicronesiaWeno
4%
SwazilandManzini
3%
KiribatiBairiki
2%
BruneiKampong Ayer
1%
FijiNasinu
1%
Marshall IslandsRita
1%
TuvaluVaiaku
1%

Score Distribution

Percentile by Number Answered

Percent of People with Each Score

Your Score History

You have not taken this quiz since the last reset